000 00447nam a22001457a 4500
999 _c173
_d173
008 150401b xxu||||| |||| 00| 0 eng d
020 _a9966289828
050 _aHB 171.5 .S25 2011
100 _aSaleemi, Nisar Ahmad.
245 _aEconomics Simplified/
_cNisar Ahmad Saleemi.
250 _a3rd ed.
260 _aNairobi:
_bSaleemi,
_c2011.
300 _a572p.:
_bill.;
_c20.4CM.
650 _aEconomics.
942 _2lcc
_cSH_L_BOOKS
_hHB 171.5 .S25 2011
_0542